THERMODYNAMICS FOR CHEMISTS (Record no. 9247)

MARC details
000 -LEADER
fixed length control field 00930nam a22001577a 4500
003 - CONTROL NUMBER IDENTIFIER
control field SGT
020 ## - INTERNATIONAL STANDARD BOOK NUMBER
International Standard Book Number 8176710148
082 ## - DEWEY DECIMAL CLASSIFICATION NUMBER
Classification number 540, GLA
100 ## - MAIN ENTRY--PERSONAL NAME
Personal name GLASSTONE SAMUEL
245 ## - TITLE STATEMENT
Title THERMODYNAMICS FOR CHEMISTS
260 ## - PUBLICATION, DISTRIBUTION, ETC. (IMPRINT)
Place of publication, distribution, etc NEW DELHI
Name of publisher, distributor, etc EWP
Year of Publication 2015
300 ## - PAGE DESCRIPTION
No. of Pages 522
650 ## - SUBJECT ADDED ENTRY--TOPICAL TERM
Topical term or geographic name as entry element CHEMISTRY & ALLIED SCIENCE
653 ## - KEYWORDS--INDEX TERM
Keyword term Heat, Work and Energy, Properties of Thermodynamics Systems, The First Law of Thermodynamics, Heat Changes and Heat Capacities, Thermochemistry, Calculation of Energy and Heat Capacity, The Second Law of Thermodynamics, Entropy Relationship and Applications, Entropy Determination and Significance, Free Energy, Phase Equilibria, Fugacity and Activity, Free Energy and Chemical Reactions, The Properties of Solutions, Activities and Activity Coefficients, Solutions of Electrolytes, The Debye-Huckel Theory, Partial Molar Properties, E.M.F.'s and The Thermodynamics of Ions Appendix
942 ## - ADDED ENTRY ELEMENTS (KOHA)
Source of classification or shelving scheme Dewey Decimal Classification
Koha item type FPS Books
Holdings
Withdrawn status Lost status Source of classification or shelving scheme Damaged status Not for loan Home library Current library Shelving location Date acquired Vendor Name Cost, normal purchase price SGTU Bill Number Total Checkouts Full call number Accession No. (Barcode) Date last seen Bill Date Koha item type Date last borrowed Collection code
    Dewey Decimal Classification     SGT Science & Social Sciences Library SGT Science & Social Sciences Library Text Book 27/06/2016 AHUJA BOOKS 275.00 SGTU 6680   540, GLA PS1494 27/06/2016 03/03/2016 FPS Books    
    Dewey Decimal Classification     SGT Science & Social Sciences Library SGT Science & Social Sciences Library Text Book 27/06/2016 AHUJA BOOKS 275.00 SGTU 6680 2 540, GLA PS1495 27/02/2017 03/03/2016 FPS Books 23/02/2017  
    Dewey Decimal Classification   Not For Loan SGT Science & Social Sciences Library SGT Science & Social Sciences Library Reference Book 27/06/2016 AHUJA BOOKS 275.00 SGTU 6680   540, GLA PS1496 27/06/2016 03/03/2016 FPS Books   SCIENCE